000 00973cab a2200205 4500
001 ##L134336
008 060727n2006 000 0 eng u
035 _a(Sirsi) u134336
041 0 _aeng
100 1 _aFletcher-Price, Ian
245 0 0 _aPositive position
260 _c2006
490 0 _aPremises and Facilities Management
_vJuly 2006, 36-37(2)
520 _aExamines key health and safety issues associated with employees working remotely, either from home or on the move, making use of advances in communications technology. Considers the responsibilities of facilities managers laid out in the health and safety legislation and what actions could reasonably be taken to meet them, particularly regarding computer workstations. Suggests some strategies for facilities managers to follow.
590 _aIKA010806
650 2 4 _aHEALTH AND SAFETY AT WORK ETC ACT 1974
651 4 _aUnited Kingdom
_y
690 _aMANAGEMENT-FACILITIES MANAGEMENT
942 _n0
999 _c77462
_d77462